[Event "Montecatini Terme op"]
[Site "Montecatini Terme"]
[Date "1998.??.??"]
[Round "6"]
[White "Arlandi, Ennio"]
[Black "Godena, Michele"]
[Result "1/2-1/2"]
[WhiteElo "2425"]
[BlackElo "2500"]

1.d4 d5 2.c4 c6 3.e3 Nf6 4.Nc3 e6 5.Nf3 Nbd7 6.Qc2 Bd6 7.Bd3 O-O 8.O-O e5
9.cxd5 cxd5 10.e4 dxe4 11.Nxe4 Nxe4 12.Bxe4 h6 13.Be3 exd4 14.Bh7+ Kh8 15.Bxd4 Nf6
16.Bf5 Qa5 17.Nh4 Be5 18.Bxe5 Qxe5 19.Rfe1 Bxf5  1/2-1/2

[Event "Petrosian mem-J"]
[Site "Moscow"]
[Date "1998.??.??"]
[Round "?"]
[White "Dolinskij, Boris"]
[Black "Spicha, K Alexander"]
[Result "1-0"]
[WhiteElo "2270"]
[BlackElo "2055"]

1.d4 d5 2.c4 c6 3.Nf3 Nf6 4.Nc3 e6 5.e3 Nbd7 6.Qc2 Bd6 7.Bd3 O-O 8.O-O e5
9.cxd5 cxd5 10.e4 exd4 11.Nxd5 Nxd5 12.exd5 g6 13.Bh6 Re8 14.Rae1 Ne5 15.Nxe5 Bxe5
16.f4 Bg7 17.Bxg7 Rxe1 18.Rxe1 Kxg7 19.Qc5 Kg8 20.Qxd4 Be6 21.Bc4 Bf5 22.Qb6  1-0

[Event "Petrosian mem-J"]
[Site "Moscow"]
[Date "1998.??.??"]
[Round "?"]
[White "Dolinskij, Boris"]
[Black "Kuznetsov, Lev"]
[Result "1/2-1/2"]
[WhiteElo "2270"]
[BlackElo "2240"]

1.d4 d5 2.c4 c6 3.Nf3 Nf6 4.Nc3 e6 5.e3 Nbd7 6.Qc2 Bd6 7.b3 O-O 8.Be2 dxc4
9.bxc4 e5 10.O-O Re8 11.Rd1 exd4 12.exd4 Nf8 13.Ne5 Qe7 14.f4 c5 15.Nb5 cxd4
16.Nxd6 Qxd6 17.c5 Qc7 18.Rxd4 Ne6 19.Rc4 b5 20.Rc3 Nd4 21.Qd3 Nxe2+ 22.Qxe2 Nd5
23.Rg3 Qxc5+ 24.Qf2 Qxf2+ 25.Kxf2 Bf5 26.Rb3 a6 27.Nf3 Re4 28.g3 f6 29.Bb2 Nb6
30.Nd2 Re7 31.Nf3 Be6 32.Rd3 Bc4 33.Rd2 Rae8 34.Nd4 Nd5 35.Ba3 Re4 36.Bb2 Nb4
37.Rad1 Nxa2 38.Nf5 Re2+ 39.Kg1 Rxd2 40.Rxd2 Be6 41.Nd4 Bc8  1/2-1/2

[Event "Moscow-ch op"]
[Site "Moscow"]
[Date "1998.??.??"]
[Round "1"]
[White "Baikov, Vladimir A"]
[Black "Sinkevich, Petr"]
[Result "1-0"]
[WhiteElo "2400"]
[BlackElo "2215"]

1.d4 Nf6 2.c4 e6 3.Nf3 d5 4.Nc3 c6 5.e3 Nbd7 6.Qc2 Bd6 7.Bd3 O-O 8.O-O dxc4
9.Bxc4 b5 10.Be2 Bb7 11.Rd1 Qe7 12.Ne4 Nxe4 13.Qxe4 a6 14.b3 Rfd8 15.Bb2 Nf6
16.Qh4 c5 17.dxc5 Bxc5 18.Ne5 Rxd1+ 19.Rxd1 Rd8 20.Rxd8+ Qxd8 21.Ng4 Be7
22.Nxf6+ Bxf6 23.Bxf6 Qxf6 24.Qxf6 gxf6 25.b4 f5 26.g3 Kf8 27.Kf1 Ke7 28.Ke1 Kd6
29.Kd2 f6 30.Kc3 Ke5 31.f4+ Ke4 32.Kd2 h6 33.a3 Bd5 34.Bh5 Bc4 35.Be8 Kf3
36.Bd7 Kg2 37.Ke1 Kxh2 38.Kf2 Bd5 39.Bc8 Bb3 40.Bxa6 Ba4 41.Bc8 Bb3 42.Bd7 Bc4
43.a4 bxa4 44.Bxa4 Bd5 45.Bd7  1-0

[Event "RUS-Cup02"]
[Site "Moscow"]
[Date "1998.??.??"]
[Round "1"]
[White "Koniushkov, Igor"]
[Black "Spicha, K Alexander"]
[Result "1-0"]
[WhiteElo "2395"]
[BlackElo "2055"]

1.d4 d5 2.c4 c6 3.Nf3 Nf6 4.Nc3 e6 5.e3 Nbd7 6.Bd2 dxc4 7.Bxc4 b5 8.Bd3 Bb7
9.O-O a6 10.e4 c5 11.d5 c4 12.Bc2 Qc7 13.dxe6 fxe6 14.Nd4 Nc5 15.Qe2 O-O-O
16.Be3 e5 17.Nf3 Ne6 18.Rfd1 Bc5 19.Nd5 Nxd5 20.exd5 Nf4 21.Bxf4 exf4 22.Bf5+ Kb8
23.Be6 Rhe8 24.Qc2 Be7 25.Qxh7 Bf6 26.Qc2 Qc5 27.h3 Bxd5 28.Bxd5 Rxd5 29.Rxd5 Qxd5
30.Rd1 Qe4 31.Qc1 Rc8 32.Re1 Qf5 33.Re2 Rd8 34.a4 Rd3 35.axb5 axb5 36.Qa1 Qd7
37.Qa6 Rd6 38.Qa5 Rd5 39.Qb6+ Kc8 40.Re6 Bd8 41.Rc6+ Bc7 42.Qa6+ Kd8 43.Kh2 Qc8
44.Qa7 Qb8 45.Rxc7 Qxa7 46.Rxa7 g5 47.Rg7 b4 48.Rb7 b3 49.Rb4 Rc5  1-0

[Event "RUS-Cup02"]
[Site "Moscow"]
[Date "1998.??.??"]
[Round "1"]
[White "Dragomarezkij, Evgeni"]
[Black "Tokmachev, Mikhail"]
[Result "1-0"]
[WhiteElo "2490"]
[BlackElo "2230"]

1.d4 d5 2.c4 c6 3.Nc3 Nf6 4.e3 e6 5.Nf3 Nbd7 6.Qc2 Bd6 7.b3 O-O 8.Be2 e5
9.cxd5 cxd5 10.Nb5 Bb8 11.Ba3 Re8 12.Rc1 e4 13.Nd2 Nf8 14.Nc7 Bxc7 15.Qxc7 Qxc7
16.Rxc7 Ne6 17.Rc1 Bd7 18.Nb1 Rec8 19.Nc3 a6 20.Kd2 Nc7 21.Be7 Bc6 22.f3 Re8
23.Bxf6 gxf6 24.fxe4 dxe4 25.Rhf1 Kg7 26.Rf5 Rad8 27.Rcf1 Rd6 28.R1f4 h6
29.Rh5 Nd5 30.Rg4+ Kh7 31.Nxe4 Rde6 32.Bd3 f5 33.Rxf5 R8e7 34.Rxf7+  1-0

[Event "Moscow Kasparov Cup"]
[Site "Moscow"]
[Date "1998.??.??"]
[Round "2"]
[White "Dolinskij, Boris"]
[Black "Grachev, Boris"]
[Result "1/2-1/2"]
[WhiteElo "2270"]
[BlackElo "2205"]

1.d4 d5 2.c4 e6 3.Nc3 c6 4.Nf3 Nf6 5.e3 Nbd7 6.Qc2 Bd6 7.Bd3 O-O 8.O-O dxc4
9.Bxc4 Qe7 10.h3 c5 11.a3 a6 12.Ba2 b5 13.d5 Ne5 14.Ng5 h6 15.Nge4 Nxe4 16.Nxe4 c4
17.Bb1 f5 18.Nxd6 Qxd6 19.dxe6 Qxe6 20.Qe2 Bb7 21.f3 Rad8 22.Bd2 Rfe8 23.Bc2 Nd3
24.Bxd3 Rxd3 25.Rfe1 Qd5 26.Bc3 Rexe3 27.Qf2 f4 28.Rxe3 fxe3 29.Qg3 Qf7 30.Re1 Kh7
31.Qe5 Qg6 32.Kh2 Qg5 33.Qxg5 hxg5 34.Kg1 Bc8 35.Kf1 Bf5 36.Ke2 Kg8 37.Rh1 Kf7
38.g4 Bg6 39.a4 Rd8 40.axb5 axb5 41.Kxe3 Bc2 42.Kf2 Rd1 43.Rh2 Rd3 44.Kg3 Bd1
45.Rf2 Kg6 46.Kg2 Re3 47.f4 Re2 48.f5+ Kf7 49.Bd2 Kf6 50.Ba5 Rxf2+ 51.Kxf2 g6
52.Bd8+ Kf7 53.Bxg5 gxf5 54.gxf5 Bc2 55.f6 Bf5 56.h4 b4  1/2-1/2

[Event "Goldberg mem"]
[Site "Moscow"]
[Date "1998.??.??"]
[Round "2"]
[White "Korotylev, Alexey"]
[Black "Naer, Eugeni"]
[Result "1-0"]
[WhiteElo "2470"]
[BlackElo "2455"]

1.Nf3 d5 2.d4 Nf6 3.c4 c6 4.Nc3 e6 5.e3 Nbd7 6.Qc2 Bd6 7.Be2 O-O 8.O-O dxc4
9.Bxc4 b5 10.Be2 Bb7 11.Rd1 Qb8 12.h3 Re8 13.Ng5 a6 14.Nge4 e5 15.Bg4 Nxe4
16.Nxe4 Nf8 17.b3 exd4 18.Nxd6 Qxd6 19.Bb2 Ne6 20.Bxd4 Nxd4 21.Rxd4 Qe5 22.Rc1 Rad8
23.Bd7 Rf8 24.Bxc6 Rc8 25.Bxb7 Rxc2 26.Rxc2  1-0

[Event "Moscow-ch op"]
[Site "Moscow"]
[Date "1998.??.??"]
[Round "3"]
[White "Baikov, Vladimir A"]
[Black "Mitbreit, Dmitry"]
[Result "1-0"]
[WhiteElo "2400"]
[BlackElo "2250"]

1.d4 d5 2.c4 c6 3.Nc3 Nf6 4.e3 e6 5.Nf3 Nbd7 6.Qc2 Bd6 7.Bd3 O-O 8.O-O dxc4
9.Bxc4 e5 10.Bb3 Qe7 11.h3 Kh8 12.Bd2 h6 13.Nh4 Bc7 14.Nf5 Qd8 15.Rad1 Nb6
16.dxe5 Bxe5 17.Ne2 Bxf5 18.Qxf5 Qe7 19.Bc3 Bxc3 20.Nxc3 a5 21.a3 g6 22.Qf4 Kg7
23.e4 a4 24.Ba2 Ra5 25.Rd4 Re5 26.Rb4 Nfd7 27.Rd1 c5 28.Rb5 f5 29.Nxa4 Rxe4
30.Nxb6 Nxb6 31.Qd6 Na4 32.Qxe7+ Rxe7 33.Rd2 Rc8 34.Bb3 Ra8 35.Rc2 h5 36.g3 Re1+
37.Kg2 Re7 38.h4 Ra7 39.Kf3 Rc7 40.Bxa4 Rxa4 41.Rbxc5 Rd7 42.Rc7 Rd4 43.R2c3 Kf6
44.Rxd7 Rxd7 45.Rb3 Ke5 46.Rb5+ Kd4 47.Rb6 Rg7 48.Kf4 Kd3 49.Kg5 Ke2 50.f4 Kf2
51.Rb3  1-0

[Event "Moscow-ch op"]
[Site "Moscow"]
[Date "1998.??.??"]
[Round "3"]
[White "Kulikov, Alexander O"]
[Black "Grachev, Boris"]
[Result "1-0"]
[WhiteElo "2395"]
[BlackElo "2205"]

1.c4 e6 2.d4 d5 3.Nc3 c6 4.e3 Nf6 5.Nf3 Nbd7 6.Bd3 dxc4 7.Bxc4 b5 8.Bd3 Bb7
9.O-O Be7 10.a3 O-O 11.e4 a6 12.b4 a5 13.Rb1 axb4 14.axb4 Qb8 15.e5 Nd5 16.Nxd5 exd5
17.Ng5 Bxg5 18.Bxg5 Re8 19.Rb3 Nf8 20.Qh5 Bc8 21.g4 Ng6 22.Bf5 h6 23.Bxh6 gxh6
24.Bxg6 Be6 25.Qxh6 fxg6 26.Qxg6+ Kf8 27.Qf6+ Bf7 28.Rh3  1-0

[Event "RUS-Cup02"]
[Site "Moscow"]
[Date "1998.??.??"]
[Round "3"]
[White "Novichkov, Vadim"]
[Black "Iskusnyh, Sergei"]
[Result "1/2-1/2"]
[WhiteElo "2415"]
[BlackElo "2455"]

1.d4 d5 2.c4 c6 3.Nf3 Nf6 4.Nc3 e6 5.e3 Nbd7 6.Bd3 dxc4 7.Bxc4 b5 8.Be2 Bb7
9.O-O Be7 10.a3 a5 11.b3 O-O 12.Bb2 b4 13.axb4 axb4 14.Na4 c5 15.dxc5 Nxc5
16.Nxc5 Bxc5 17.Qxd8 Rfxd8 18.Rxa8 Rxa8 19.Ra1 Rxa1+ 20.Bxa1 Ne4 21.Bc4 Nd6
22.Bd3 Bd5 23.Nd2 f5 24.Kf1 Kf7 25.g3 g5 26.Be5 Ke7 27.Bxd6+ Kxd6 28.e4  1/2-1/2

[Event "RUS-Cup02"]
[Site "Moscow"]
[Date "1998.??.??"]
[Round "5"]
[White "Gagarin, Vasilij"]
[Black "Mitin, Andrej"]
[Result "0-1"]
[WhiteElo "2420"]
[BlackElo "2235"]

1.d4 d5 2.c4 c6 3.Nc3 Nf6 4.e3 e6 5.Nf3 Nbd7 6.Bd3 dxc4 7.Bxc4 b5 8.Bd3 a6
9.O-O c5 10.e4 cxd4 11.Nxd4 Bc5 12.Be3 O-O 13.Be2 Bb7 14.f3 Qb6 15.Qd2 Rfd8
16.Nc2 b4 17.Na4 Bxe3+ 18.Qxe3 Qxe3+ 19.Nxe3 Bc6 20.b3 Bxa4 21.bxa4 a5 22.Bb5 Nb6
23.Rfd1 Rxd1+ 24.Rxd1 Ne8 25.Kf2 Kf8 26.e5 Rc8 27.Rd4 Nc7 28.Bc6 Ncd5 29.Bxd5 Nxd5
30.f4 Rc5 31.g4 g6 32.Kf3 Rc3 33.Kf2 Ra3 34.Nxd5 Rxa2+ 35.Kf3 exd5 36.Rxd5 Rxa4
37.Rb5 Ra3+ 38.Ke4 b3 39.Kd5 a4 40.f5 gxf5 41.gxf5 Ra2 42.e6 fxe6+ 43.fxe6 Rxh2
44.Rb8+ Ke7 45.Rb7+ Kf6 46.Rf7+ Kg6 47.Rf1 Rd2+ 48.Kc4 Re2  0-1

[Event "Moscow-ch op"]
[Site "Moscow"]
[Date "1998.??.??"]
[Round "5"]
[White "Lastin, Alexander"]
[Black "Mitenkov, Alexey"]
[Result "1/2-1/2"]
[WhiteElo "2535"]
[BlackElo "2435"]

1.Nf3 Nf6 2.c4 e6 3.Nc3 d5 4.d4 c6 5.e3 Nbd7 6.Qc2 Bd6 7.Bd3 O-O 8.O-O Qe7
9.c5 Bc7 10.e4 dxe4 11.Nxe4 Nxe4 12.Bxe4 h6 13.Re1 Nf6 14.Bd3 b6 15.Bd2 bxc5
16.dxc5 Nd5 17.Rac1 a5 18.Qa4 Ba6 19.Qxc6 Bb7 20.Qa4 Nb4 21.Be2 Bc6 22.Qa3 Rfd8
23.Red1 Bd5 24.Bxb4 axb4 25.Qxb4 Rdb8 26.Qd4  1/2-1/2

[Event "RUS-Cup02"]
[Site "Moscow"]
[Date "1998.??.??"]
[Round "5"]
[White "Savitskaya, Ekaterina P"]
[Black "Kochetov, Dmitri A"]
[Result "1-0"]
[WhiteElo "2220"]
[BlackElo "2065"]

1.d4 d5 2.c4 c6 3.Nf3 Nf6 4.Nc3 e6 5.e3 Nbd7 6.Bd3 dxc4 7.Bxc4 b5 8.Bd3 a6
9.e4 c5 10.e5 cxd4 11.Ne4 Nd5 12.O-O Qb6 13.a4 Bb7 14.axb5 axb5 15.Rxa8+ Bxa8
16.Qe2 b4 17.Bd2 Nc5 18.Nxc5 Bxc5 19.Ng5 Be7 20.Nxh7 Nc7 21.Qg4 g5 22.Nxg5 Bxg5
23.Bxg5 Kd7 24.Rc1 Bd5 25.Qf4 Rh7 26.Qf6 Kc8 27.Qd8+ Kb7 28.Qg8 Rh5 29.Bd8 Bc6
30.Bxc7 Qxc7 31.Be4 Rxe5 32.Rxc6 Qxc6 33.Bxc6+ Kxc6 34.f4 Rd5 35.Kf2 d3 36.Ke1 d2+
37.Kd1 Rd7 38.Qc8+ Kd6 39.Kxd2 b3 40.Ke3  1-0

[Event "RUS-Cup02"]
[Site "Moscow"]
[Date "1998.??.??"]
[Round "6"]
[White "Neverov, Valeriy"]
[Black "Drogoon, A."]
[Result "1-0"]
[WhiteElo "2540"]
[BlackElo "2360"]

1.d4 d5 2.c4 c6 3.Nc3 Nf6 4.e3 e6 5.Nf3 Nbd7 6.Qc2 Bd6 7.b3 O-O 8.Be2 e5
9.cxd5 Nxd5 10.Nxd5 cxd5 11.dxe5 Nxe5 12.Bb2 Bb4+ 13.Kf1 Nxf3 14.Bxf3 Be6
15.Qd3 Be7 16.g3 Bf6 17.Bd4 Bh3+ 18.Ke2 Rc8 19.Rhd1 Qd6 20.Rd2 Rfd8 21.Rad1 g6
22.Qb5 b6 23.a4 Bxd4 24.Rxd4 Rc2+ 25.R1d2 Rxd2+ 26.Rxd2 Qf6 27.Rd4 Qf5 28.Qd3 Bf1+
29.Kxf1 Qxf3 30.Qc3 Qh1+ 31.Ke2 Qxh2 32.Qc7 Qh5+ 33.g4 Qg5 34.Qxa7 Rd6 35.Qb8+ Qd8
36.Qxd8+ Rxd8 37.Rf4 Rd6 38.g5 Kf8 39.Kd3 Ke7 40.Kd4 Rc6 41.b4 h6 42.gxh6 g5
43.h7 Rh6 44.Rf5 Rxh7 45.Rxg5 Rh2 46.Re5+ Kf6 47.Rxd5 Rxf2 48.Rd6+ Kf5 49.e4+ Kg4
50.Rxb6 Rf4 51.Ke5 Kg5 52.a5 f6+ 53.Kd5  1-0

[Event "Moscow-ch op"]
[Site "Moscow"]
[Date "1998.??.??"]
[Round "7"]
[White "Korotylev, Alexey"]
[Black "Remizov, Juri"]
[Result "1-0"]
[WhiteElo "2470"]
[BlackElo "2160"]

1.d4 d5 2.c4 c6 3.Nf3 Nf6 4.Nc3 e6 5.e3 Nbd7 6.Qc2 Bd6 7.Bd3 dxc4 8.Bxc4 b5
9.Be2 O-O 10.O-O Bb7 11.Rd1 Qe7 12.e4 e5 13.dxe5 Nxe5 14.Nd4 Bc5 15.Nf5 Qe6
16.Be3 Bxe3 17.Nxe3 Ng6 18.f3 a6 19.Nf5 c5 20.Rd6 Qe5 21.Rad1 c4 22.Qc1 Nf4
23.Qe3 Rfe8 24.Qb6 Rab8 25.Rd8 Bc8 26.Rxe8+ Nxe8 27.Qd4 Qxd4+ 28.Nxd4 Kf8
29.Bf1 Ne6 30.Kf2 Nxd4 31.Rxd4 Be6 32.Ke3 Ke7 33.Nd5+ Bxd5 34.Rxd5 Nc7 35.Rd1 Ne6
36.f4 Nc5 37.Rc1 Kd6 38.e5+ Kc6 39.b3 cxb3 40.axb3 Kb6 41.b4 Na4 42.g4 a5
43.bxa5+ Kxa5 44.Rc7 Rf8 45.f5 Kb6 46.Rd7 Nc5 47.Rd6+ Ka5 48.Rc6 Nd7 49.Kd4 Nb6
50.Rc5 Rd8+ 51.Ke4 Nd7 52.Rxb5+ Ka4 53.Rd5 Kb4 54.Kd4  1-0

[Event "RUS-Cup02"]
[Site "Moscow"]
[Date "1998.??.??"]
[Round "8"]
[White "Kravtsov, Sergey"]
[Black "Burmakin, Vladimir"]
[Result "1/2-1/2"]
[WhiteElo "2500"]
[BlackElo "2550"]

1.d4 d5 2.c4 e6 3.Nc3 Nf6 4.Nf3 c6 5.e3 Nbd7 6.Qc2 Bd6 7.Bd3 O-O 8.O-O Qe7
9.Bd2 dxc4 10.Bxc4 e5 11.Bb3 e4 12.Ng5 Bxh2+ 13.Kxh2 Ng4+ 14.Kg1 Qxg5 15.Qxe4 Nb6
16.Ne2 Nf6 17.Qf4 Qg6 18.Rad1 Be6 19.Qg3 Qf5 20.Bxe6 Qxe6 21.Bc3 Nbd5 22.Qe5 Nxe3
23.fxe3 Qxa2 24.d5 cxd5 25.Qg5 h6 26.Qg3 Qa6 27.Rxd5 Rfd8 28.Rfd1 Rxd5 29.Rxd5 Qe6
30.Rd6 Nh5 31.Qh2 Qf5 32.Qe5 Qxe5 33.Bxe5 g6 34.Rd7 b5 35.Kf1 Ng7 36.Kf2 Ne6
37.g4 a6 38.e4 Ng7 39.Kf3 h5 40.gxh5 Nxh5 41.Ke3  1/2-1/2

[Event "EU-ch U16"]
[Site "Murek"]
[Date "1998.??.??"]
[Round "2"]
[White "Kunin, Vitaly L"]
[Black "Korobov, Anton"]
[Result "1/2-1/2"]
[WhiteElo "2230"]
[BlackElo "2350"]

1.d4 d5 2.c4 e6 3.Nc3 c6 4.e3 Nf6 5.Nf3 Nbd7 6.a3 Bd6 7.b4 O-O 8.Qc2 Qe7
9.Bb2 dxc4 10.Bxc4 b5 11.Bd3 a5 12.bxa5 Rxa5 13.O-O Bb7 14.a4 b4 15.Ne4 Nxe4
16.Bxe4 Nf6 17.Bd3 c5 18.dxc5 Rxc5 19.Qe2 Ng4 20.e4 f5 21.h3 fxe4 22.Bxe4 Bxe4
23.Qxe4 Nf6 24.Bxf6 Qxf6 25.Rfe1 b3 26.Rab1 Rc3 27.a5 Bc5 28.Re2 Rb8 29.Ne5 Rd8
30.a6 Rd4 31.Qc6 Rd8 32.Qe4 Qf5 33.Qxf5 exf5 34.Reb2 Bd6 35.f4 Bxe5 36.fxe5 Ra8
37.Rxb3 Rxb3 38.Rxb3 Rxa6 39.Re3 Kf7 40.Kf2 Ke6 41.Kf3 g5 42.g3 Ra5 43.Re1 Rxe5
44.Ra1 Kf6 45.Ra6+ Re6 46.Ra8 h6 47.Ra7 Rb6 48.Ra8 Rb3+ 49.Kg2 Rb6 50.Kf3 Re6
51.Ra7 Rd6 52.Ra8 Ke5 53.Ra5+ Rd5 54.Ra8 Rd3+ 55.Kg2 Rd5 56.Kf3 Rd6 57.Ra5+ Kf6
58.Ra8 Ke6 59.Ra7 Rb6 60.Ra8 Rb3+ 61.Kg2 Rb6  1/2-1/2

[Event "EU-ch U14"]
[Site "Murek"]
[Date "1998.??.??"]
[Round "4"]
[White "Riazantsev, Alexander"]
[Black "Wegerle, Joerg"]
[Result "1-0"]
[WhiteElo "2335"]
[BlackElo "2140"]

1.d4 d5 2.c4 c6 3.Nf3 Nf6 4.Nc3 e6 5.e3 Nbd7 6.Bd3 dxc4 7.Bxc4 b5 8.Bd3 a6
9.e4 c5 10.d5 c4 11.dxe6 cxd3 12.exd7+ Qxd7 13.Ne5 Qe6 14.Nxd3 Nxe4 15.Nf4 Qe5
16.O-O Nxc3 17.bxc3 Be6 18.Re1 Qd6 19.Nxe6 fxe6 20.Qg4 O-O-O 21.Bg5 Re8 22.a4 Qc6
23.axb5 axb5 24.Re2 Bc5 25.Rae1 Kd7 26.Be3 Bxe3 27.Rxe3 g6 28.Qd4+ Kc8 29.Rxe6 Rxe6
30.Qxh8+ Kb7 31.Qxh7+ Kb6 32.Ra1 Qa8 33.Rf1 Qa3 34.Qh8 Rc6 35.Qb8+ Ka5 36.Qa7+ Ra6
37.Qc7+ Ka4 38.Rb1 Qd6 39.Qf7 Ka5 40.Qb3 Qc6 41.Qb4+ Kb6 42.c4  1-0

[Event "EU-ch U18"]
[Site "Murek"]
[Date "1998.??.??"]
[Round "5"]
[White "Gershon, Alik"]
[Black "Dearing, Eddie"]
[Result "1-0"]
[WhiteElo "2460"]
[BlackElo "2295"]

1.d4 d5 2.c4 e6 3.Nc3 c6 4.e3 Nf6 5.Nf3 Nbd7 6.Bd3 dxc4 7.Bxc4 b5 8.Bd3 a6
9.e4 c5 10.e5 cxd4 11.Nxb5 Nxe5 12.Nxe5 axb5 13.O-O Qd5 14.Qe2 Rb8 15.Bg5 h6
16.Bh4 Bd6 17.f4 Nd7 18.Be4 Qc5 19.Qg4 Bxe5 20.Rac1 h5 21.Qf3 Bd6 22.Rxc5 Nxc5
23.Bc6+ Bd7 24.f5 O-O 25.Bxd7  1-0

[Event "EU-ch U14"]
[Site "Murek"]
[Date "1998.??.??"]
[Round "6"]
[White "Riazantsev, Alexander"]
[Black "Alcazar Jimenez, Jesus"]
[Result "1-0"]
[WhiteElo "2335"]
[BlackElo "2105"]

1.d4 d5 2.c4 c6 3.Nf3 Nf6 4.Nc3 e6 5.e3 Nbd7 6.Qc2 Bd6 7.Be2 O-O 8.O-O dxc4
9.Bxc4 b5 10.Bd3 Bb7 11.e4 e5 12.h3 exd4 13.Nxd4 Nc5 14.Rd1 Qc7 15.Bg5 Be5
16.Nce2 Nxd3 17.Qxd3 h6 18.Be3 Rad8 19.Qc2 Rfe8 20.f3 c5 21.Nxb5 Qa5 22.Nbc3 Qb4
23.a3 Qa5 24.Rxd8 Rxd8 25.Rd1 Rxd1+ 26.Qxd1 Bc6 27.Qd2 Bb5 28.f4 Bxc3 29.Nxc3 Bc6
30.e5 Nd5 31.Nxd5 Qxd2 32.Ne7+ Kf8 33.Bxd2 Kxe7 34.Be3 a5 35.Bxc5+ Ke8 36.b4 axb4
37.axb4 h5 38.Kf2 g6 39.g4 hxg4 40.hxg4 Bd7 41.Kg3 Bb5 42.f5 gxf5 43.gxf5 Bc4
44.Kf4 Bb5 45.Kg5 Bc4 46.Kf6 Kd7 47.Bd4 Bd5 48.Kg7 Bc4 49.e6+ fxe6 50.f6 e5
51.Bxe5 Ke8 52.b5 Bd5 53.b6  1-0

[Event "NOR-chT"]
[Site "NOR"]
[Date "1998.??.??"]
[Round "?"]
[White "Fyllingen, Roy Harald"]
[Black "Evseev, Denis"]
[Result "1-0"]
[WhiteElo "2390"]
[BlackElo "2455"]

1.d4 d5 2.c4 c6 3.Nf3 Nf6 4.Nc3 e6 5.e3 Nbd7 6.Qc2 Bd6 7.Be2 O-O 8.O-O dxc4
9.Bxc4 a6 10.a4 c5 11.dxc5 Bxc5 12.Rd1 Qc7 13.Ne4 Be7 14.Rd4 Nxe4 15.Rxe4 Nb6
16.Bd2 Nxc4 17.Rxc4 Qd8 18.Rd1 Qe8 19.Ba5 b5 20.Rc7 bxa4 21.Ne5 Qb5 22.Nc6 Bf6
23.Bc3 Bb7 24.Bxf6 Bxc6 25.Bxg7 Kxg7 26.Qc3+ Kg8 27.Rxc6 Rad8 28.Rxd8 Rxd8
29.h3 h6 30.Rc4 Kh7 31.Rf4 Rd7 32.Rg4 f5 33.Rb4 Qd5 34.Rd4 Qb5 35.Rh4 Rf7
36.Rb4 Qd5 37.Rd4 Qb7 38.Rxa4 Rg7 39.g3 Rc7 40.Rb4 Qc8 41.Qf6  1-0

[Event "NOR-chT"]
[Site "NOR"]
[Date "1998.??.??"]
[Round "?"]
[White "Haugli, Petter"]
[Black "Lahlum, Hans Olav"]
[Result "1/2-1/2"]
[WhiteElo "2400"]
[BlackElo "2215"]

1.d4 d5 2.c4 e6 3.Nc3 c6 4.e3 Nf6 5.Nf3 Nbd7 6.Qc2 Bd6 7.Bd2 O-O 8.Bd3 Qe7
9.h3 dxc4 10.Bxc4 b5 11.Bd3 Bb7 12.e4 e5 13.O-O-O a5 14.dxe5 Bxe5 15.Nxe5 Nxe5
16.Bg5 Qe6 17.Kb1 Nfd7 18.Be2 Nb6 19.Bc1 a4 20.f4  1/2-1/2

[Event "NOR-chT"]
[Site "NOR"]
[Date "1998.??.??"]
[Round "?"]
[White "Evseev, Denis"]
[Black "Gausel, Einar"]
[Result "1-0"]
[WhiteElo "2455"]
[BlackElo "2555"]

1.d4 d5 2.c4 c6 3.Nc3 Nf6 4.e3 e6 5.Nf3 Nbd7 6.Bd3 dxc4 7.Bxc4 b5 8.Bd3 Bb7
9.e4 b4 10.Na4 c5 11.e5 Nd5 12.O-O h6 13.Re1 a6 14.Bd2 Be7 15.Rc1 Rc8 16.Qe2 Qa5
17.b3 N5b6 18.Nxc5 Nxc5 19.dxc5 Bxc5 20.Bb1 Nd5 21.Rc4 Qb6 22.Rg4 g6 23.Bd3 Be7
24.Rc4 Rxc4 25.bxc4 Nc3 26.Bxc3 bxc3 27.Rb1 Qc7 28.Rb3 Bxf3 29.gxf3 O-O 30.Rxc3 Bc5
31.Rb3 Qe7 32.f4 Qh4 33.Qf3 Rd8 34.Qg3 Qh5 35.Kg2 Kg7 36.h3 Qd1 37.f5 exf5
38.e6 Bd6 39.Qh4 Be7 40.Qxe7 Re8  1-0

[Event "Nova Gorica op"]
[Site "Nova Gorica"]
[Date "1998.??.??"]
[Round "2"]
[White "Tonon, Alessandro"]
[Black "Pavasovic, Dusko"]
[Result "0-1"]
[WhiteElo "2175"]
[BlackElo "2505"]

1.d4 d5 2.c4 e6 3.Nc3 c6 4.e3 Nf6 5.Nf3 Nbd7 6.Bd3 dxc4 7.Bxc4 b5 8.Bd3 a6
9.e4 c5 10.d5 Qc7 11.O-O Bb7 12.dxe6 fxe6 13.Ng5 Qc6 14.Bc2 h6 15.Nf3 Bd6
16.Qe2 O-O-O 17.Re1 g5 18.a4 b4 19.Nd1 Nh5 20.Ne3 Nf4 21.Qf1 g4 22.Nd2 Bb8
23.Nxg4 Rhg8 24.Ne3 Ne5 25.Kh1 Ned3 26.Rd1 Qe8 27.g3 Qh5 28.f3 Rxg3  0-1

[Event "Nova Gorica op"]
[Site "Nova Gorica"]
[Date "1998.??.??"]
[Round "3"]
[White "Mussoni, Marcello"]
[Black "Grosar, Aljosa"]
[Result "0-1"]
[WhiteElo "2240"]
[BlackElo "2470"]

1.Nf3 d5 2.d4 Nf6 3.c4 e6 4.Nc3 c6 5.e3 Nbd7 6.Qc2 Bd6 7.Be2 O-O 8.O-O Re8
9.Rd1 Qe7 10.b3 dxc4 11.bxc4 e5 12.a4 e4 13.Nd2 Nf8 14.h3 Bf5 15.Qa2 Qd7
16.Ba3 Bc7 17.d5 Be5 18.dxc6 bxc6 19.Qc2 Qc8 20.Bf1 Ne6 21.Rab1 Ng5 22.Ne2 Bxh3
23.gxh3 Nxh3+ 24.Bxh3 Qxh3 25.Nf1 Ng4 26.Neg3 Bxg3 27.fxg3 Nxe3 28.Qe2 Nxf1  0-1

[Event "Nova Gorica op"]
[Site "Nova Gorica"]
[Date "1998.??.??"]
[Round "8"]
[White "Mikhalchishin, Adrian"]
[Black "Petrov, Jole"]
[Result "1-0"]
[WhiteElo "2530"]
[BlackElo "2335"]

1.c4 e6 2.Nf3 d5 3.d4 Nf6 4.Nc3 c6 5.e3 Nbd7 6.Bd3 dxc4 7.Bxc4 b5 8.Be2 Bb7
9.e4 b4 10.e5 Nd5 11.Nxd5 cxd5 12.Bg5 Qb6 13.Rc1 h6 14.Be3 Qa5 15.O-O Be7
16.Qd3 a6 17.Nd2 O-O 18.Nb3 Qa4 19.Rc7 Bc6 20.Rc1 Bb5 21.Qd1 Rfd8 22.Bd3 Bxd3
23.Qxd3 Bf8 24.f4 Nb6 25.f5 Nc4 26.fxe6 fxe6 27.Bxh6 Rd7 28.Rxd7 Qxd7 29.Bg5 Nxb2
30.Qh3 Rc8 31.Rf1 Nc4 32.Rf4 Qe8 33.Rh4 Qg6 34.Rh8+ Kf7 35.Qf3+ Qf5 36.Qh5+ Qg6
37.Qf3+ Qf5 38.Qh5+ Qg6 39.Qxg6+ Kxg6 40.Be7 Kf7 41.Bxb4 a5 42.Rxf8+ Rxf8
43.Bxf8 Kxf8 44.Nc5 Kf7 45.a4 Nb6 46.Kf2 Nc8 47.h4 Ne7 48.h5 Nc6 49.Ke3 Nd8
50.Nb3 Nc6 51.Kf4 Kg8 52.Kg5 Kh7 53.g3 Kg8 54.h6 Kh7 55.hxg7 Kxg7 56.g4 Kf7
57.Kh6  1-0

[Event "RUS-ch sf"]
[Site "Novosibirsk"]
[Date "1998.??.??"]
[Round "?"]
[White "Belozerov, Andrei"]
[Black "Sutyrin, D."]
[Result "1-0"]
[WhiteElo "2460"]
[BlackElo "2180"]

1.d4 d5 2.c4 e6 3.Nc3 Nf6 4.e3 c6 5.Nf3 Nbd7 6.Bd3 dxc4 7.Bxc4 b5 8.Bd3 Bb7
9.e4 b4 10.Na4 c5 11.e5 Nd5 12.Nxc5 Nxc5 13.dxc5 Bxc5 14.O-O h6 15.Nd2 Ne7
16.Ne4 Qd5 17.Bb5+  1-0

[Event "RUS-ch sf"]
[Site "Novosibirsk"]
[Date "1998.??.??"]
[Round "?"]
[White "Shadrin, Lev"]
[Black "Sutyrin, D."]
[Result "0-1"]
[WhiteElo "2165"]
[BlackElo "2180"]

1.d4 d5 2.c4 c6 3.Nf3 Nf6 4.Nc3 e6 5.e3 Nbd7 6.Bd3 dxc4 7.Bxc4 b5 8.Bd3 Bb7
9.O-O a6 10.e4 c5 11.e5 Nd5 12.Nxd5 Bxd5 13.Be3 Be7 14.Rc1 Rc8 15.Bb1 cxd4
16.Qxd4 O-O 17.Nd2 Rxc1 18.Rxc1 Qb8 19.Qd3 g6 20.f4 f5 21.Qe2 Qb7 22.Nf3 Rd8
23.Qf2 Rb8 24.Ne1 Bc4 25.b3 Bd5 26.Bd3 Ba3 27.Rc2 a5 28.Be2 Be4 29.Bf3 Bb4
30.Nd3 Be7 31.Qe2 Rd8 32.Bxe4 Qxe4 33.Nf2 Qb7 34.Qe1 Ra8 35.Qc1 Bd8 36.Rc6 Kf7
37.Rd6 Rc8 38.Qd1 Rc7 39.Rd3 Be7 40.Bd2 Qc8 41.Qe1 a4 42.bxa4 bxa4 43.Qd1 Bc5
44.Kf1 Bxf2 45.Kxf2 Nc5 46.Rd4 Ne4+ 47.Kf1 Rd7 48.Be3 Rxd4 49.Qxd4 Qa6+ 50.Kg1 Qb5
51.h3 Kg7 52.g4 Qb1+ 53.Kg2 Qxa2+ 54.Kg1 Qb1+ 55.Kh2 Qb5 56.Qa7+ Kf8 57.Qa8+ Ke7
58.Qa7+ Qd7 59.Bc5+ Nxc5 60.Qxc5+ Kf7 61.Kg3 fxg4 62.h4 Qe7 63.Qa5 a3  0-1

[Event "RUS-ch sf"]
[Site "Novosibirsk"]
[Date "1998.??.??"]
[Round "?"]
[White "Bobarykin, D."]
[Black "Averchenko, Sergej"]
[Result "1-0"]
[WhiteElo "2225"]
[BlackElo "2275"]

1.d4 d5 2.c4 e6 3.Nc3 Nf6 4.Nf3 c6 5.e3 Nbd7 6.Qc2 Bd6 7.e4 dxe4 8.Nxe4 Nxe4
9.Qxe4 Nf6 10.Qc2 c5 11.Bd2 b6 12.Be2 Bb7 13.dxc5 bxc5 14.Qa4+ Qd7 15.Qxd7+ Nxd7
16.Bc3 Ke7 17.O-O Nf6 18.Rfd1 Bc7 19.b4 Ne4 20.Be1 Bd6 21.Rab1 Rab8 22.b5 g5
23.Ba5 h5 24.Nd2 Be5 25.Nb3 Rbc8 26.Rd3 Nd6 27.Nd2 g4 28.Bc3 Bxc3 29.Rxc3 Rc7
30.a4 Nf5 31.Nb3 Nh4 32.Bf1 Rd8 33.a5 Rd6 34.a6 Be4 35.Re1 f5 36.Nc1 Rcd7
37.Nb3 Rc7 38.Ra1 Kf6 39.Nc1 Rd1 40.Nb3 Rd6 41.Ra2 Rd1 42.Rc1 Rxc1 43.Nxc1 Rd7
44.Nb3 Rd1 45.Ra1 Rxa1 46.Nxa1 Ke5 47.Nb3 Kd6 48.Nd2 Ba8 49.h3 e5 50.hxg4 hxg4
51.Kh2 Ng6 52.f3 gxf3 53.gxf3 Nf4 54.Kg3 Ne6 55.Nb3 Nd4 56.Nxd4 cxd4 57.f4 e4
58.Bh3 Kc5 59.Bxf5 Kxc4 60.Bc8 d3 61.Kf2 Kc3 62.Ke3 d2 63.Bg4 Kb4 64.b6 axb6
65.Kxd2 Kc5 66.Bc8  1-0

[Event "RUS-ch sf"]
[Site "Novosibirsk"]
[Date "1998.??.??"]
[Round "?"]
[White "Ivanov, Timur"]
[Black "Iskusnyh, Sergei"]
[Result "1/2-1/2"]
[WhiteElo "2380"]
[BlackElo "2455"]

1.Nf3 d5 2.d4 c6 3.c4 Nf6 4.Nc3 e6 5.e3 Nbd7 6.Be2 dxc4 7.a4 Bd6 8.Nd2 O-O
9.Nxc4 Bc7 10.b3 e5 11.Ba3 Re8 12.Nd6 Re6 13.Nxc8 Rxc8 14.O-O e4 15.g3 Nb6
16.Rc1 a5 17.Bc5 Qd7 18.b4 axb4 19.Bxb4 Nbd5 20.Nxd5 Nxd5 21.Bd2 Rg6 22.f4 exf3
23.Rxf3 Re8 24.Qb3 b6 25.Bd3 Rf6 26.Rxf6 Nxf6 27.Qc2 Bd6 28.Qxc6 Qd8 29.Rf1 h5
30.Qf3 Rf8 31.e4 Bb4 32.Be3 Ng4 33.Bc4 Bd2 34.Bxf7+ Kh8 35.Bxd2 Qxd4+ 36.Be3 Qxe3+
37.Qxe3 Nxe3 38.Re1 Rxf7 39.Rxe3 Re7 40.Rf3  1/2-1/2